Sunshine & shadow : a novel #2 / by Lisa Kay ... Read More
Available copies
- 1 of 1 copy available at LARL/NWRL Consortium.
Current holds
0 current holds with 1 total copy.
Show Only Available Copies
| Location | Call Number / Copy Notes | Barcode | Shelving Location | Status | Due Date |
|---|---|---|---|---|---|
| Grygla LINK Site | HAU (Text) | 35500003619432 | Main | Available | - |
Record details
- ISBN: 1886864071 (pbk.)
- ISBN: 1886864047 (hc)
- Physical Description: 340 p. ; 20 cm.
- Publisher: Tacoma, WA : Golden Anchor Press, c2002.
Content descriptions
| General Note: | Sequel to: Turn back time. |
Search for related items by subject
| Subject: | Child abuse > Fiction. Coal miners > Kentucky > Fiction. Depressions > 1929 > United States > Fiction. Wife abuse > Fiction. Muhlenberg County (Ky.) > Fiction. |
Search for related items by series
| LDR | 01077cam a2200301Ia 4500 | ||
|---|---|---|---|
| 001 | 59819 | ||
| 003 | LARL_NWRL_CONSORTIUM | ||
| 005 | 20050201065753.0 | ||
| 008 | 021001s2002 wau 000 f eng d | ||
| 020 | . | ‡a1886864071 (pbk.) | |
| 020 | . | ‡a1886864047 (hc) | |
| 043 | . | ‡an-us-ky ‡an-us--- | |
| 100 | 1 | . | ‡aHauser, Lisa Kay. ‡0(LARL_NWRL_CONSORTIUM)219557 |
| 245 | 1 | 0. | ‡aSunshine & shadow : ‡ba novel ‡n#2 / ‡cby Lisa Kay Hauser & Philip Dale Smith. |
| 246 | 3 | 0. | ‡aSunshine and shadow |
| 260 | . | ‡aTacoma, WA : ‡bGolden Anchor Press, ‡cc2002. | |
| 300 | . | ‡a340 p. ; ‡c20 cm. | |
| 490 | 0 | . | ‡aStoneworth chronicles ; ‡v2. |
| 500 | . | ‡aSequel to: Turn back time. | |
| 650 | 0. | ‡aChild abuse ‡vFiction. ‡0(LARL_NWRL_CONSORTIUM)164522 | |
| 650 | 0. | ‡aCoal miners ‡zKentucky ‡vFiction. | |
| 650 | 0. | ‡aDepressions ‡y1929 ‡zUnited States ‡vFiction. | |
| 650 | 0. | ‡aWife abuse ‡vFiction. | |
| 651 | 0. | ‡aMuhlenberg County (Ky.) ‡vFiction. | |
| 700 | 1 | . | ‡aSmith, Dale, ‡d1932- ‡0(LARL_NWRL_CONSORTIUM)121581 |
| 901 | . | ‡a59819 ‡bISxN ‡c59819 ‡tbiblio | |

Add to basket
Permalink
Disable Highlighting